Countries Russia Has Declared War On - Statistics

General Stats
  • This quiz has been taken 71 times
  • The average score is 40 of 55
Answer Stats
Date Conflict Outcome Answer % Correct
981 Campaign on Cherven Cities Victory Poland
97%
1733 War of the Polish Succession Indecisive France
95%
1700 Great Northern War Defeat Great Britain
95%
1568 Astrakhan Expedition Victory Turkey
95%
1917 Russian Civil War Victory Romania
93%
1918 Romanian Intervention in Bessarabia Defeat Romania
93%
1132 _____—Novgorodian Wars Stalemate Sweden
91%
1917 ______—Soviet War Victory Ukraine
91%
1652 Sino—Russian Border Conflicts Defeat China
88%
1917 ______—Soviet War Victory Germany
88%
1904 Russo-______ War Defeat Japan
88%
1042 ______—Novgorodian Wars Victory Finland
86%
1651 Alexis I’s Persian War Defeat Iran
86%
1917 Russian Civil War Victory United States
84%
1848 _______ Revolution of 1848 Victory Hungary
83%
1809 War of the Fifth Coalition Victory Austria
81%
1132 _____—Novgorodian Wars Stalemate Norway
81%
985 Campaign against Volga _____ Victory Bulgaria
78%
1917 Allied Intervention in Russian Civil War Victory Latvia
78%
1368 _______—Muscovite War Inconclusive Lithuania
78%
1946 First Indochina War Victory Vietnam
78%
1955 Vietnam War Victory Vietnam
78%
1916 Central Asian Revolt Victory Afghanistan
76%
1223 _____ Invasion of Rus Defeat Mongolia
76%
1917 Russian Civil War Victory Mongolia
76%
1917 Central Intervention in Russian Civil War Victory Belarus
74%
1826 Uprising of Sarzhan Kasimov Victory Kazakhstan
74%
1917 Russian Civil War Victory Serbia
74%
1921 Free City Incident Victory South Korea
74%
1917 Russian Civil War Victory Greece
72%
1917 Russian Civil War Victory Italy
72%
2018 Central African Republic Civil War Ongoing Central African Republic
69%
1917 Russian Civil War Victory Czechia
69%
1977 Ethio-Somali War Victory Somalia
69%
1733 War of the Polish Succession Indecisive Spain
69%
2015 Intervention in the ____ Civil War Defeat Syria
69%
1558 Livonian War Defeat Denmark
67%
1917 Central Intervention in Russian Civil War Victory Georgia
67%
1955 Vietnam War Victory Laos
67%
1955 Vietnam War Victory Cambodia
66%
1917 Central Intervention in Russian Civil War Victory Azerbaijan
64%
1941 World War II Victory Slovakia
64%
1918 Romanian Intervention in Bessarabia Defeat Moldova
60%
1969 War of Attrition Inconclusive Israel
59%
1941 World War II Victory Croatia
57%
1961 Vlora Incident Defeat Albania
55%
1918 Revolutions and Interventions in Hungary Defeat Slovenia
55%
1941 World War II Victory Thailand
55%
191 Allied Intervention in Russian Civil War Victory Belgium
53%
1955 Vietnam War Victory Australia
52%
1992 ______ Civil War Victory Tajikistan
50%
1839 Second Turko-_____ War Victory Egypt
48%
1955 Vietnam War Victory New Zealand
43%
1955 Vietnam War Victory Philippines
43%
1975 Angolan Civil War Victory South Africa
43%
No matching quizzes found
Score Distribution
Percent of People with Each Score
Percentile by Number Answered
Your Score History
You have not taken this quiz